000 00608nam a22001817a 4500
003 OSt
005 20251112141501.0
008 251112b |||||||| |||| 00| 0 eng d
040 _aDWCL-Admin lib
_cOC
082 _aFil. 657 D276c 2010
100 _aDayag, Antonio Jaramillo
245 _aCPA examination in practical accounting 2 /
_cAntonio Jaramillo Dayag
260 _aManila:
_bGIC Enterprises & Co., Inc.,
_cc2010.
300 _a vii, 1047 p. ;
_c23 cm.
650 _a1. Accounting-Examinations, questions, etc.
650 _a2. Accounting-Problems, exercises, etc.
942 _2ddc
_cBK-FIL
_kFil.
_n0
999 _c5654
_d5654